Capitals of Un-/Partially Recognized Countries - Statistics

General Stats
  • This quiz has been taken 752 times
  • The average score is 5 of 9
Answer Stats
Capital Country % Correct
North Nicosia Northern Cyprus
91%
Ramallah Palestine
89%
Kirkuk (constitutional), Erbil (de facto) Kurdistan
64%
Tiraspol Transnistria
64%
Tskhinvali South Ossetia
54%
Sukhumi Abkhazia
51%
El Aaiun (claimed), Tifariti (de facto) Western Sahara
51%
Hargeisa Somaliland
47%
Khankendi / Stepanakert Nagorno-Karabakh
33%
No matching quizzes found
Score Distribution
Percent of People with Each Score
Percentile by Number Answered
Your Score History
You have not taken this quiz